| 000 | 00736nam a22002177a 4500 | ||
|---|---|---|---|
| 999 |
_c20161 _d20161 |
||
| 003 | AR-CdUCM | ||
| 008 | 190313b ||||| |||| 00| 0 spa d | ||
| 040 |
_aMUNICIPALIDAD PROVINCIAL DEL CUSCO _cBIBLIOTECA MUNICIPAL DEL CUSCO |
||
| 041 | _heng | ||
| 082 |
_a301.15 / _bK62 |
||
| 100 |
_aKlineberg, Otto _942158 |
||
| 245 | _aPsicología social / | ||
| 260 |
_aMéxico : _bFondo de cultura económica, _c1963. |
||
| 300 |
_a582 paginas ; _c24 cm. |
||
| 505 | _aContenido: Conducta social de los animales -- Lenguaje -- Factores sociales en la naturaleza humana... | ||
| 650 |
_aPsicología diferencial _942159 |
||
| 650 |
_aPersonalidad y desarrollo _916986 |
||
| 650 |
_aPrejuicios _940952 |
||
| 942 |
_2ddc _cLIBROS |
||
| 945 | _arcc | ||